000007430 001__ 7430 000007430 005__ 20260410134643.0 000007430 0247_ $$2DOI$$a10.6083/M43J3C0Z 000007430 037__ $$aDA 000007430 245__ $$aFrosty Mac Hall Morning 000007430 260__ $$bOregon Health & Science University 000007430 542__ $$fIn copyright - single owner 000007430 650__ $$aSnow$$026090 000007430 650__ $$amackenzie hall 000007430 7001_ $$aYoung, Jamie 000007430 8564_ $$9111ac8bc-6a9e-4dc2-9f75-ebcd25144f6d$$s4194295$$uhttps://digitalcollections.ohsu.edu/record/7430/files/89fd22cef3ca5a9a822a3d19949df2c3.jpg$$ePublic$$200778485563cc5cf33782a8077698a61$$31 000007430 901__ $$a<p>These documents are archival records. They are retained for historical reference only. </p><p><b>Need an accessible version? Use the ‘Get Accessible Copy’ link above.</b></p> 000007430 905__ $$a/rest/prod/ft/84/8r/17/ft848r17k 000007430 956__ $$aGet Accessible Copy$$uhttps://ohsu.libwizard.com/f/requestaccessibledocument 000007430 980__ $$aStrategic Communications Images